000 00438nam a2200181 a 4500
001 13588
003 CO-ViMGA
008 141112s2004 ck r 000 u spa d
020 _a9589593105
040 _aCO-ViMGA
_bspa
_cCO-ViMGA
082 0 4 _a248.4 A715m
100 1 _aArango C., Jesus
_919801
245 1 0 _aMis reflexiones
260 _aArmenia :
_bFudesco,
_c1997
300 _a181
650 1 4 _aMEDITACIONES
_914983
942 _2ddc
_cBK
999 _c24312
_d24312